Catalog

Record Details

Catalog Search



Available copies

  • 3 of 3 copies available at LARL/NWRL Consortium.
  • 2 of 2 copies available at Lake Agassiz Regional Library. (Show preferred library)

Current holds

0 current holds with 3 total copies.

Show Only Available Copies
Location Call Number / Copy Notes Barcode Shelving Location Status Due Date
Detroit Lakes Public Library M ADA (Text) 33500013341631 Main Available -
Moorhead Public Library M ADA (Text) 33500013341623 Main Available -
Grygla LINK Site ADA (Text) 35500006438962 Main Available -

Record details

  • ISBN: 9781496726414
  • ISBN: 1496726413
  • Physical Description: 294 pages ; 22 cm.
  • Edition: First Kensington hardcover edition.
  • Publisher: New York, NY : Kensington Publishing Corp., 2021.

Content descriptions

General Note:
Series numeration from www.goodreads.com.
Includes Reader's Guide.
Sequel to: The book of candlelight.
Bibliography, etc. Note:
Includes bibliographical references (pages ... Read More
Summary, etc.:
As Halloween approaches, Nora Pennington decides ... Read More
Subject: Women booksellers > Fiction.
Booksellers and bookselling > Fiction.
Murder > Investigation > Fiction.
Secret societies > Fiction.
Female friendship > Fiction.
Halloween > Fiction.
North Carolina > Fiction.
Genre: Detective and mystery fiction.
Cozy mysteries.
LDR 02710cam a2200541Ii 4500
001357128
003LARL_NWRL_CONSORTIUM
00520210204170940.0
008210115t20212021nyu e b 000 1 eng d
010 . ‡a 2020944007
040 . ‡aNjBwBT ‡beng ‡erda ‡cFSP ‡dFSP ‡dOCLCO ‡dYU6 ‡dIK2 ‡dOCLCQ ‡dOCLCO ‡dFM0 ‡dLE@ ‡dOCLCO ‡dYDX ‡dBDX ‡dHQD ‡dUAP ‡dILC ‡dINO ‡dNZAUC ‡dSINLB
019 . ‡a1153014689
020 . ‡a9781496726414 ‡q(hardcover)
020 . ‡a1496726413 ‡q(hardcover)
035 . ‡a(OCoLC)1231555830 ‡z(OCoLC)1153014689
043 . ‡an-us-nc
08204. ‡a813/.6 ‡223
1001 . ‡aAdams, Ellery, ‡eauthor. ‡0(LARL_NWRL_CONSORTIUM)221028
24510. ‡aInk and shadows / ‡cEllery Adams.
250 . ‡aFirst Kensington hardcover edition.
264 1. ‡aNew York, NY : ‡bKensington Publishing Corp., ‡c2021.
264 4. ‡c©2021
300 . ‡a294 pages ; ‡c22 cm.
336 . ‡atext ‡btxt ‡2rdacontent
337 . ‡aunmediated ‡bn ‡2rdamedia
338 . ‡avolume ‡bnc ‡2rdacarrier
4900 . ‡aSecret, Book, and Scone Society ; ‡v4
500 . ‡aSeries numeration from www.goodreads.com.
500 . ‡aIncludes Reader's Guide.
500 . ‡aSequel to: The book of candlelight.
504 . ‡aIncludes bibliographical references (pages 293-294).
520 . ‡aAs Halloween approaches, Nora Pennington decides to showcase fictional heroines like Roald Dahl's Matilda and Madeline Miller's Circe. A family-values group disapproves of the magical themes, though, and wastes no time launching a modern-day witch hunt. They're targeting not only Nora and Miracle Books, but a new shopkeeper, Celeste, who has been selling CBD oil products. When a local death is declared an accident, the ruling can't explain the old book page covered with strange symbols and disturbing drawings left under Nora's doormat, a postcard from an anonymous stalker, or multiple cases of vandalism. The Secret, Book, and Scone Society investigate before more bodies turn up and the secrets from Celeste's past come back to haunt them all. -- adapted from jacket
650 0. ‡aWomen booksellers ‡vFiction.
650 0. ‡aBooksellers and bookselling ‡vFiction. ‡0(LARL_NWRL_CONSORTIUM)163744
650 0. ‡aMurder ‡xInvestigation ‡vFiction. ‡0(LARL_NWRL_CONSORTIUM)166203
650 0. ‡aSecret societies ‡vFiction. ‡0(LARL_NWRL_CONSORTIUM)167312
650 0. ‡aFemale friendship ‡vFiction. ‡0(LARL_NWRL_CONSORTIUM)164947
650 0. ‡aHalloween ‡vFiction. ‡0(LARL_NWRL_CONSORTIUM)165596
651 0. ‡aNorth Carolina ‡vFiction. ‡0(LARL_NWRL_CONSORTIUM)166409
655 7. ‡aDetective and mystery fiction. ‡2lcgft
655 7. ‡aCozy mysteries. ‡2lcgft
901 . ‡a357128 ‡bOCoLC ‡c357128 ‡tbiblio ‡soclc

Additional Resources